LEADER 01385nam a2200313 a 4500 001 000000133629 003 CaOOAMICUS 005 20130423103539.0 008 130423s2007 it u000 u ita r 020 $a978-88-8265-449-8 040 $aPUL$bita 082 04$a340.5 100 1 $aDe Giovanni, Lucio.$0(OLS)http://pul/name/30623 245 10$aIstituzioni scienza giuridica codici nel mondo tardoantico :$balle radici di una nuova storia /$cLucio De Giovanni. 260 $aRoma :$b"L'Erma" di Bretschneider,$c©2007. 300 $aXIII, 519 p. ;$c20 cm 490 1 $aSaggi di storia antica ;$v29 500 $aInclude indici. 504 $aBibliografia in nota. 650 4$aDiritto romano$xStoriografia.$0(OLS)http://pul/subject/16686 830 0$aSaggi di storia antica ;$v29.$0(OLS)http://pul/title/168909 850 $aPUL 852 $aPUL$W1$xSL Diritto e Scienze Sociali 3$y79$m340. 5 DEGLU 1$j153593$qDDC 21$B153160$CPULBib$Z2$F153160 $H122156 $82 941 1 $a9 996 $6020$a978-88-8265-449-8$9(OLS)http://pul/number/152493 996 $6082$a340.5$9(OLS)http://pul/classification/1655 996 $6245$aIstituzioni scienza giuridica codici nel mondo tardoantico :$balle radici di una nuova storia$9(OLS)http://pul/title/168908 996 $6260$aRoma :$b"L'Erma" di Bretschneider$9(OLS)http://pul/publisher/48444 LEADER 01294nam a2200277 a 4500 001 000000175044 003 CaOOAMICUS 005 20220317150936.0 008 220317s2021 it m 000 u eng r 032 $aLibriCat 040 $aPUL$bita 100 1 $aJose, Sunil.$0(OLS)http://pul/name/112541 245 14$aThe concept of paradigm change in Thomas Kuhn: $bwith a special reference to 'Laudato Sì' /$cSunil Jose. 260 $aRoma :$b[s.n.],$c2021. 300 $a127 p. ;$c24 cm 502 $aEstratto da tesi -- Università Pontificia Salesiana-- Facoltà di filosofia, 2021. 504 $aBibliografia: p. [107]-124. 600 14$aKuhn, Thomas Samuel,$d1922-1996$xFilosofia.$0(OLS)http://pul/subject/36824 610 24$aPapi (2013-2025 : Franciscus)$tLaudato si'.$0(OLS)http://pul/subject/42712 710 2 $aPontificia Università Salesiana.$bFacoltà di filosofia.$kTesi.$0(OLS)http://pul/name/105164 850 $aPUL 852 $aPUL$W1$xDP1 Tesi Pon. Univ. Salesiana$y46$m2021 A 2$j198688$qTesi$B204020$CPULBib$Z2$F204020 $82 941 1 $a16 996 $6245$aThe concept of paradigm change in Thomas Kuhn: $bwith a special reference to 'Laudato Sì'$9(OLS)http://pul/title/216452 996 $6260$aRoma :$b[s.n.]$9(OLS)http://pul/publisher/47958